Tout les Skins d' AK-47 sur Counter Strike 2 - Statistiques

Statistiques générales
  • Ce quiz a été pris 110 fois
    41 depuis la dernière actualisation
  • Le résultat moyen est 22 sur 56
Statistiques - réponses
Par images Réponse % Correct
Asiimov
97%
Cémenté
87%
Gold Arabesque
76%
Héritage
71%
Vulcain
68%
Glagla
66%
Ligne Rouge
66%
Combat Sanglant
63%
Fire Serpent
63%
Cartel
61%
Impératrice
61%
Pilote Neon
61%
Circuit d'Injection
58%
Legion d'Anubis
58%
Maillage Safari
58%
Wild Lotus
58%
X-Ray
58%
Version d'élite
53%
Jaguar
50%
Ardoise
47%
Bleu Stratifié
45%
Head Shot
45%
Revenche Aigue-Marine
45%
Rouge Stratifié
45%
Sports d'Hiver
45%
Vert Stratifié
42%
Monstrueux
39%
Noir Stratifié
39%
Révolution Neon
39%
AK-47 par Défault
37%
Hydroponie
37%
Rebelle des terres Désolées
34%
Nouveau Rouge
29%
Songe Nocturne
26%
The Oligarch
26%
Complexe Géométrique
21%
Filet de Protection
21%
Jet Set
21%
Créature Fantasmagorique
18%
Galerie d'élite
18%
Searing Rage
18%
Exploration
16%
Midnight Laminate
16%
Orbit Mk01
16%
Outsiders
16%
Panthera onca
16%
Rayures Emeraudes
16%
Prédateur
13%
Spray Jungle
13%
Dégradé Transversal
11%
Première Classe
11%
Rat Rod
11%
Violet Baroque
11%
Winter Green
11%
Polycam Olive
8%
Delta d'Acier
5%
Aucun quiz correspondant
Distribution des résultats
% des personnes avec chaque résultat
Percentile par nombre de réponses
Votre historique - résultats
Vous n’avez pas pris ce quiz depuis la dernière actualisation